000 00764cam a22002411 4500
001 sa 68000946
003 DLC
005 20260227112428.0
008 710903s1967 ii 000 0 eng
010 _asa 68000946
025 _aPL480:I-E-9187
040 _aDLC
_cDLC
_dDLC
043 _aa-ii---
050 0 0 _aHD70.I4
_bT3
082 0 0 _a658.4
245 0 0 _aTalking of management.
260 _aBombay,
_aNew York,
_bAsia Pub. House
_c[1967]
300 _a133 p.
_c22 cm.
350 _aRs12
500 _a"Selection of thirteen talks given by visitors to the [Administration staff] College [of India, Hyderabad] at its different sessions."
650 0 _aIndustrial management
_zIndia.
710 1 _aHyderabad, India.
_bAdministrative Staff College of India.
999 _c77569
_d77569